[Event "DEN-chT 0809"]
[Site "Denmark"]
[Date "2009.02.22"]
[Round "7.2"]
[White "Pedersen, Erik"]
[Black "Semcesen, Daniel"]
[Result "1/2-1/2"]
[WhiteElo "2417"]
[BlackElo "2402"]
[PlyCount "62"]
[EventDate "2008.11.01"]
[EventType "team-tourn"]
[EventRounds "9"]
[EventCountry "DEN"]
[SourceTitle "EXT 2023"]
[Source "ChessBase"]
[SourceDate "2022.10.05"]
[SourceVersion "1"]
[SourceVersionDate "2022.10.05"]
[SourceQuality "1"]
[WhiteTeam "Aalborg"]
[BlackTeam "Copenhagen K41"]
[WhiteTeamCountry "DEN"]
[BlackTeamCountry "DEN"]

1. b3 d5 2. Bb2 Bg4 3. h3 Bh5 4. Nf3 Nd7 5. e3 e6 6. Be2 f6 7. d4 Bd6 8. 0-0 Ne7 9. c4 c6 10. Nc3 0-0 11. e4 Re8 12. Re1 Rc8 13. Nd2 Bf7 14. Bf3 Bb8 15. Rc1 e5 16. exd5 exd4 17. dxc6 bxc6 18. Na4 Nb6 19. Nxb6 axb6 20. c5 bxc5 21. g3 Qa5 22. a4 Be5 23. Ba3 Nd5 24. Nc4 Qd8 25. Bxc5 Nc3 26. Qd3 Bd5 27. Bh5 g6 28. Bxg6 hxg6 29. Qxg6+ Kh8 30. Qh6+ Kg8 31. Qg6+ Kh8 1/2-1/2

[Event "DEN-chT 0809"]
[Site "Denmark"]
[Date "2008.11.01"]
[Round "1.2"]
[White "Pedersen, Erik"]
[Black "Hoi, Carsten"]
[Result "1/2-1/2"]
[WhiteElo "2417"]
[BlackElo "2371"]
[PlyCount "22"]
[EventDate "2008.11.01"]
[EventType "team-tourn"]
[EventRounds "9"]
[EventCountry "DEN"]
[SourceTitle "EXT 2023"]
[Source "ChessBase"]
[SourceDate "2022.10.05"]
[SourceVersion "1"]
[SourceVersionDate "2022.10.05"]
[SourceQuality "1"]
[WhiteTeam "Aalborg"]
[BlackTeam "Bronshoj"]
[WhiteTeamCountry "DEN"]
[BlackTeamCountry "DEN"]

1. d4 Nf6 2. Nf3 g6 3. Nc3 Bg7 4. e4 d6 5. Be3 0-0 6. Qd2 c6 7. Bd3 Bg4 8. Nh4 e5 9. dxe5 dxe5 10. h3 Be6 11. Nf3 Nbd7 1/2-1/2

[Event "DEN-chT 0607"]
[Site "Denmark"]
[Date "2007.03.24"]
[Round "8.2"]
[White "Schandorff, Lars"]
[Black "Pedersen, Erik"]
[Result "1-0"]
[WhiteElo "2539"]
[BlackElo "2420"]
[PlyCount "99"]
[EventDate "2006.11.04"]
[EventType "team-tourn"]
[EventRounds "9"]
[EventCountry "DEN"]
[SourceTitle "EXT 2023"]
[Source "ChessBase"]
[SourceDate "2022.10.05"]
[SourceVersion "1"]
[SourceVersionDate "2022.10.05"]
[SourceQuality "1"]
[WhiteTeam "Helsinge"]
[BlackTeam "Aalborg"]
[WhiteTeamCountry "DEN"]
[BlackTeamCountry "DEN"]

1. d4 Nf6 2. c4 c5 3. d5 e6 4. Nc3 exd5 5. cxd5 d6 6. e4 g6 7. h3 Bg7 8. Nf3 0-0 9. Bd3 Nh5 10. 0-0 Nd7 11. Bg5 Bf6 12. Be3 Re8 13. Qd2 Ne5 14. Be2 Nxf3+ 15. Bxf3 Ng7 16. Rab1 Be5 17. b4 b6 18. Bf4 Qf6 19. Bxe5 Rxe5 20. Be2 g5 21. bxc5 bxc5 22. Rb3 Qg6 23. g4 h5 24. Rfb1 hxg4 25. hxg4 Ne8 26. Rb8 Rxb8 27. Rxb8 Bd7 28. f3 Kg7 29. Rb7 Nf6 30. Rxa7 Qh6 31. Bf1 Qh4 32. Qf2 Qh8 33. Qb2 Qh4 34. Qf2 Qh8 35. Rb7 Qc8 36. Qb2 Re8 37. Bg2 Rh8 38. Qb6 Qf8 39. a4 Qe7 40. Qb2 Qe5 41. Nd1 Qg3 42. Qc3 Rh2 43. Rb2 Kg6 44. a5 Rh4 45. a6 Bxg4 46. fxg4 Qh2+ 47. Kf1 Nxg4 48. a7 Rh8 49. Rb8 Qf4+ 50. Ke1 1-0

[Event "Ribe EMT IM"]
[Site "Ribe"]
[Date "2006.04.21"]
[Round "1"]
[White "Aagaard, Jacob"]
[Black "Pedersen, Erik"]
[Result "1-0"]
[WhiteElo "2481"]
[BlackElo "2413"]
[PlyCount "51"]
[EventDate "2006.04.21"]
[EventType "tourn"]
[EventRounds "5"]
[EventCountry "DEN"]
[SourceTitle "EXT 2023"]
[Source "ChessBase"]
[SourceDate "2022.10.05"]
[SourceVersion "1"]
[SourceVersionDate "2022.10.05"]
[SourceQuality "1"]

1. e4 d5 2. exd5 Qxd5 3. Nf3 Bg4 4. Be2 Nc6 5. h3 Bxf3 6. Bxf3 Qe5+ 7. Qe2 Qxe2+ 8. Bxe2 Nd4 9. Bd1 e5 10. d3 0-0-0 11. Nd2 Nf6 12. Nc4 Bc5 13. 0-0 Rhe8 14. Re1 b5 15. Nd2 Kb8 16. Kf1 Bb6 17. Nf3 Nc6 18. Ng5 Re7 19. Ne4 Nd5 20. c3 f5 21. Ng3 Rf8 22. a4 b4 23. a5 Bc5 24. Bg5 Ree8 25. Bf3 f4 26. Nh5 1-0

[Event "DEN-chT 0506"]
[Site "Denmark"]
[Date "2006.03.18"]
[Round "8.2"]
[White "Pedersen, Erik"]
[Black "Kristensen, Kaare Hove"]
[Result "1-0"]
[WhiteElo "2408"]
[BlackElo "2314"]
[PlyCount "57"]
[EventDate "2005.11.05"]
[EventType "team-tourn"]
[EventRounds "9"]
[EventCountry "DEN"]
[SourceTitle "EXT 2023"]
[Source "ChessBase"]
[SourceDate "2022.10.05"]
[SourceVersion "1"]
[SourceVersionDate "2022.10.05"]
[SourceQuality "1"]
[WhiteTeam "Aalborg"]
[BlackTeam "Nordkalotten"]
[WhiteTeamCountry "DEN"]
[BlackTeamCountry "DEN"]

1. d4 d5 2. Nf3 Nf6 3. e3 Bf5 4. c4 c6 5. Nc3 e6 6. Nh4 Bg6 7. Qb3 Qb6 8. Nxg6 hxg6 9. Bd2 Nbd7 10. Be2 dxc4 11. Qxc4 Bd6 12. 0-0-0 0-0 13. h4 c5 14. h5 gxh5 15. g4 Rfc8 16. Qd3 hxg4 17. Rdg1 cxd4 18. exd4 e5 19. Bxg4 exd4 20. Bxd7 dxc3 21. Rxg7+ Kf8 22. Rxf7+ Kxf7 23. Rh7+ Nxh7 24. Qxh7+ Kf6 25. Qf5+ Kg7 26. Qg4+ Kf7 27. Be6+ Ke8 28. Qg8+ Bf8 29. Qf7+ 1-0

[Event "DEN-chT 0506"]
[Site "Denmark"]
[Date "2006.01.14"]
[Round "4.2"]
[White "Pedersen, Erik"]
[Black "Schandorff, Lars"]
[Result "1/2-1/2"]
[WhiteElo "2408"]
[BlackElo "2530"]
[PlyCount "54"]
[EventDate "2005.11.05"]
[EventType "team-tourn"]
[EventRounds "9"]
[EventCountry "DEN"]
[SourceTitle "EXT 2023"]
[Source "ChessBase"]
[SourceDate "2022.10.05"]
[SourceVersion "1"]
[SourceVersionDate "2022.10.05"]
[SourceQuality "1"]
[WhiteTeam "Aalborg"]
[BlackTeam "Helsinge"]
[WhiteTeamCountry "DEN"]
[BlackTeamCountry "DEN"]

1. d4 Nf6 2. Nf3 d5 3. e3 c5 4. b3 Nc6 5. Bb2 Bg4 6. h3 Bxf3 7. Qxf3 Qa5+ 8. Bc3 Qb6 9. dxc5 Qxc5 10. Bd3 e5 11. Qg3 d4 12. exd4 exd4 13. Bd2 Qe5+ 14. Qxe5+ Nxe5 15. Bb5+ Nc6 16. 0-0 0-0-0 17. a4 Bd6 18. Na3 Ne4 19. Be1 Ne5 20. Nc4 Bc7 21. Nxe5 Bxe5 22. Bd3 Nc5 23. Bf5+ Kc7 24. Bb4 Na6 25. Ba3 Bd6 26. Bb2 Bb4 27. c3 dxc3 1/2-1/2

[Event "DEN-chT 0506"]
[Site "Denmark"]
[Date "2005.11.20"]
[Round "3.2"]
[White "Pedersen, Erik"]
[Black "Sorensen, Bent"]
[Result "1-0"]
[WhiteElo "2408"]
[BlackElo "2262"]
[PlyCount "93"]
[EventDate "2005.11.05"]
[EventType "team-tourn"]
[EventRounds "9"]
[EventCountry "DEN"]
[SourceTitle "EXT 2023"]
[Source "ChessBase"]
[SourceDate "2022.10.05"]
[SourceVersion "1"]
[SourceVersionDate "2022.10.05"]
[SourceQuality "1"]
[WhiteTeam "Aalborg"]
[BlackTeam "Norresundby"]
[WhiteTeamCountry "DEN"]
[BlackTeamCountry "DEN"]

1. d4 d5 2. Nf3 Nf6 3. e3 Bg4 4. h3 Bxf3 5. Qxf3 Nbd7 6. c4 c6 7. Nc3 e6 8. Bd3 Bd6 9. 0-0 0-0 10. b3 Re8 11. e4 dxc4 12. Bxc4 e5 13. d5 Bb4 14. dxc6 bxc6 15. Ne2 Nb6 16. Ba6 Qc7 17. Ng3 Nfd7 18. Nf5 Bf8 19. Be3 Nc5 20. Be2 Ne6 21. g3 Red8 22. Rac1 Qb7 23. Qg4 g6 24. Nh6+ Kh8 25. Qf3 Rd7 26. Qf6+ Bg7 27. Nxf7+ Rxf7 28. Qxe6 Rf6 29. Qg4 Rd6 30. Rfd1 Rad8 31. Rxd6 Rxd6 32. Rd1 Qc7 33. Rxd6 Qxd6 34. Bf1 Bf8 35. Qe2 Qb4 36. Qd3 Kg7 37. Qa6 Qe7 38. a4 Qc7 39. Qd3 Bb4 40. h4 Nd7 41. Bh3 Nf6 42. Kg2 a5 43. Be6 Qe7 44. Bc4 Nd7 45. Bg5 Qe8 46. Qe3 h5 47. Qa7 1-0

[Event "Ghent op 28th"]
[Site "Ghent"]
[Date "2005.07.17"]
[Round "3"]
[White "Groffen, Hans"]
[Black "Pedersen, Erik"]
[Result "0-1"]
[WhiteElo "2210"]
[BlackElo "2395"]
[PlyCount "46"]
[EventDate "2005.07.16"]
[EventType "swiss"]
[EventRounds "9"]
[EventCountry "BEL"]
[SourceTitle "CBM 107 Extra"]
[Source "ChessBase"]
[SourceDate "2005.09.01"]
[SourceVersion "1"]
[SourceVersionDate "2005.09.01"]
[SourceQuality "1"]

1. d4 Nf6 2. Bg5 c5 3. Bxf6 gxf6 4. d5 d6 5. e4 Qb6 6. Qc1 Bh6 7. Qxh6 Qxb2 8. Ne2 Qxa1 9. Nec3 Qb2 10. Be2 Bd7 11. 0-0 Na6 12. Bh5 0-0-0 13. Bxf7 Nc7 14. Qe3 Nb5 15. Nxb5 Bxb5 16. Be6+ Kb8 17. Rc1 Qd4 18. Qe1 Bd7 19. c3 Qe5 20. Qe3 Bxe6 21. f4 Qh5 22. dxe6 Qg4 23. f5 Rdg8 0-1

[Event "DEN-chB"]
[Site "Horsens"]
[Date "2003.04.18"]
[Round "4"]
[White "Pedersen, Erik"]
[Black "Boe, Mads"]
[Result "1/2-1/2"]
[WhiteElo "2400"]
[BlackElo "2382"]
[PlyCount "70"]
[EventDate "2003.04.15"]
[EventType "swiss"]
[EventRounds "7"]
[EventCountry "DEN"]
[SourceTitle "EXT 2005"]
[Source "ChessBase"]
[SourceDate "2004.11.15"]
[SourceVersion "1"]
[SourceVersionDate "2004.11.15"]
[SourceQuality "1"]

1. d4 f5 2. Nf3 Nf6 3. h3 g6 4. Bf4 Bg7 5. e3 d6 6. Be2 0-0 7. 0-0 Kh8 8. c4 c6 9. Bh2 Be6 10. Nc3 Bg8 11. b4 Nbd7 12. Qc2 Nb6 13. Nd2 Re8 14. Rfd1 e5 15. dxe5 dxe5 16. Nde4 Qe7 17. Nd6 Red8 18. c5 Nbd5 19. Nxd5 cxd5 20. Bf3 Ne8 21. Bxd5 Nxd6 22. Bxg8 Kxg8 23. cxd6 Rxd6 24. Qb3+ Kf8 25. Rxd6 Qxd6 26. Rd1 Qe7 27. Qd5 Re8 28. a3 a6 29. Bg3 Bf6 30. f3 Kg7 31. e4 f4 32. Bf2 Rd8 33. Qb3 Rxd1+ 34. Qxd1 Qd8 35. Qc2 h5 1/2-1/2

[Event "Morso"]
[Site "Morso"]
[Date "2002.02.13"]
[Round "5"]
[White "Pedersen, Steffen"]
[Black "Pedersen, Erik"]
[Result "1/2-1/2"]
[WhiteElo "2440"]
[BlackElo "2400"]
[PlyCount "34"]
[EventDate "2002.02.09"]
[EventType "tourn"]
[EventRounds "9"]
[EventCountry "DEN"]
[EventCategory "10"]
[SourceTitle "CBM 088"]
[Source "ChessBase"]
[SourceDate "2002.03.21"]
[SourceVersion "1"]
[SourceVersionDate "2002.03.21"]
[SourceQuality "1"]

1. d4 Nc6 2. Nf3 d5 3. g3 Bf5 4. Bg2 Nb4 5. Na3 e6 6. c3 Nc6 7. Qb3 Rb8 8. Nh4 Bg4 9. h3 Bh5 10. e4 dxe4 11. Bxe4 Be7 12. Qb5 Nf6 13. Bg2 0-0 14. 0-0 Nd5 15. Nf5 Bxa3 16. bxa3 Bg6 17. Bxd5 Qxd5 1/2-1/2

[Event "Morso"]
[Site "Morso"]
[Date "2002.02.11"]
[Round "3"]
[White "Aronian, Levon"]
[Black "Pedersen, Erik"]
[Result "1-0"]
[WhiteElo "2584"]
[BlackElo "2400"]
[PlyCount "57"]
[EventDate "2002.02.09"]
[EventType "tourn"]
[EventRounds "9"]
[EventCountry "DEN"]
[EventCategory "10"]
[SourceTitle "CBM 088"]
[Source "ChessBase"]
[SourceDate "2002.03.21"]
[SourceVersion "1"]
[SourceVersionDate "2002.03.21"]
[SourceQuality "1"]

1. e4 Nc6 2. d4 e5 3. dxe5 Nxe5 4. f4 Nc6 5. Bc4 Bb4+ 6. c3 Ba5 7. Nf3 Bb6 8. Qe2 Qe7 9. Nbd2 d6 10. Bd3 Nf6 11. Nc4 d5 12. Nxb6 axb6 13. e5 Ng4 14. h3 Nh6 15. g4 f6 16. exf6 Qxe2+ 17. Kxe2 gxf6 18. Kf2 0-0 19. Rg1 Kh8 20. b4 Nf7 21. b5 Na5 22. Be3 Nd6 23. Bd4 Kg8 24. g5 f5 25. g6 h6 26. g7 Re8 27. Rg6 Nb3 28. axb3 Rxa1 29. Rxh6 1-0

[Event "DEN-chT 0102"]
[Site "Denmark"]
[Date "2002.02.03"]
[Round "5.7"]
[White "Pedersen, Erik"]
[Black "Pedersen, Hans Dahl"]
[Result "0-1"]
[WhiteElo "2400"]
[BlackElo "2204"]
[PlyCount "70"]
[EventDate "2001.11.04"]
[EventType "team-tourn"]
[EventRounds "7"]
[EventCountry "DEN"]
[SourceTitle "EXT 2023"]
[Source "ChessBase"]
[SourceDate "2022.10.05"]
[SourceVersion "1"]
[SourceVersionDate "2022.10.05"]
[SourceQuality "1"]
[WhiteTeam "Copenhagen 34"]
[BlackTeam "Sydkysten"]
[WhiteTeamCountry "DEN"]
[BlackTeamCountry "DEN"]

1. e4 c6 2. Nf3 d5 3. Nc3 a6 4. Bd3 Bg4 5. h3 Bh5 6. exd5 cxd5 7. Qe2 e6 8. b3 Nf6 9. Bb2 Nc6 10. g4 Bg6 11. Bxg6 hxg6 12. 0-0-0 Be7 13. Rde1 Qc7 14. Ng5 Rf8 15. Qd3 0-0-0 16. a3 Nxg4 17. Nxf7 Nxf2 18. Qxg6 Rd7 19. Rhf1 Bh4 20. Qxe6 Rfxf7 21. Nxd5 Qd6 22. Nb6+ Kc7 23. Na8+ Kb8 24. Qe8+ Bd8 25. Nb6 Qxd2+ 26. Kb1 Rde7 27. Rxe7 Rxe7 28. Qf8 Re2 29. Nc4 Qxc2+ 30. Ka2 Ne4 31. Rc1 Qxc1 32. Qf3 Nc3+ 33. Qxc3 Qxc3 34. a4 Rxb2+ 35. Nxb2 Bf6 0-1

[Event "DEN-chT 0102"]
[Site "Denmark"]
[Date "2001.11.18"]
[Round "3.8"]
[White "Pedersen, Erik"]
[Black "Leimand, Jens Christian"]
[Result "1/2-1/2"]
[WhiteElo "2400"]
[BlackElo "2133"]
[PlyCount "51"]
[EventDate "2001.11.04"]
[EventType "team-tourn"]
[EventRounds "7"]
[EventCountry "DEN"]
[SourceTitle "EXT 2023"]
[Source "ChessBase"]
[SourceDate "2022.10.05"]
[SourceVersion "1"]
[SourceVersionDate "2022.10.05"]
[SourceQuality "1"]
[WhiteTeam "Copenhagen 34"]
[BlackTeam "Copenhagen 68"]
[WhiteTeamCountry "DEN"]
[BlackTeamCountry "DEN"]

1. e4 c5 2. Nf3 d6 3. Bb5+ Bd7 4. Qe2 Bxb5 5. Qxb5+ Qd7 6. Nc3 g6 7. 0-0 e5 8. b4 cxb4 9. Qxb4 Nc6 10. Qb3 Bg7 11. Ba3 Nf6 12. Rfe1 a6 13. Rab1 b5 14. Nd5 Nxd5 15. Qxd5 Rd8 16. c3 0-0 17. d4 Rfe8 18. Bc1 Ne7 19. Qb3 Qc7 20. a4 Rb8 21. Bg5 Nc6 22. axb5 exd4 23. Qd5 Rxb5 24. Rxb5 axb5 25. cxd4 Nb4 26. Qb3 1/2-1/2

[Event "DEN-chT 0001 playoff"]
[Site "Denmark"]
[Date "2001.05.19"]
[Round "?"]
[White "Pedersen, Nicolai Vesterbaek"]
[Black "Pedersen, Erik"]
[Result "1-0"]
[WhiteElo "2355"]
[BlackElo "2400"]
[PlyCount "107"]
[EventDate "2001.05.19"]
[EventType "team-match"]
[EventRounds "1"]
[EventCountry "DEN"]
[SourceTitle "EXT 2014"]
[Source "ChessBase"]
[SourceDate "2013.11.20"]
[SourceVersion "1"]
[SourceVersionDate "2013.11.20"]
[SourceQuality "1"]

1. d4 Nc6 2. e4 d5 3. Nc3 dxe4 4. d5 Ne5 5. Bf4 Ng6 6. Bg3 a6 7. f3 f5 8. Nh3 e3 9. Bc4 Nf6 10. Qd4 e5 11. Bxe5 Nxe5 12. Qxe5+ Qe7 13. Qxe7+ Bxe7 14. 0-0-0 Bd6 15. g3 0-0 16. Rhe1 h6 17. Rxe3 g5 18. f4 b5 19. Bb3 Bd7 20. Rde1 b4 21. Nd1 Ne4 22. c4 Bc5 23. R3e2 c6 24. Ba4 Rac8 25. Nhf2 Be8 26. Bxc6 Nxf2 27. Nxf2 Bxc6 28. dxc6 Rxc6 29. Nd3 Bd4 30. b3 Bc3 31. Re6 Rxe6 32. Rxe6 Rd8 33. Kc2 gxf4 34. gxf4 Kf7 35. Re2 Rd4 36. Rf2 Re4 37. Nc5 Re7 38. Kd3 Rc7 39. Na4 Rd7+ 40. Kc2 Bf6 41. Nb6 Rd4 42. Nd5 Bh4 43. Rd2 Re4 44. c5 Be1 45. Rd1 Re6 46. Kd3 Bf2 47. Rc1 Rc6 48. Nxb4 Rxc5 49. Rxc5 Bxc5 50. Nxa6 Bd6 51. Ke3 Ke6 52. b4 Kd5 53. Nc5 Kc4 54. Nd3 1-0

[Event "DEN-chT 0001"]
[Site "Denmark"]
[Date "2001.03.18"]
[Round "7"]
[White "Pedersen, Erik"]
[Black "Mortensen, Erling"]
[Result "1/2-1/2"]
[WhiteElo "2400"]
[BlackElo "2438"]
[PlyCount "70"]
[EventDate "2000.??.??"]
[EventType "team"]
[EventRounds "7"]
[EventCountry "DEN"]
[SourceTitle "EXT 2002"]
[Source "ChessBase"]
[SourceDate "2001.11.25"]
[SourceVersion "1"]
[SourceVersionDate "2001.11.25"]
[SourceQuality "1"]
[WhiteTeam "Aarhus"]
[BlackTeam "Copenhagen 34"]
[WhiteTeamCountry "DEN"]
[BlackTeamCountry "DEN"]

1. f4 g6 2. e4 d5 3. e5 c5 4. Nf3 Nc6 5. Be2 f6 6. d4 cxd4 7. 0-0 Qb6 8. Kh1 Bg7 9. c3 fxe5 10. fxe5 Nxe5 11. Nxe5 Bxe5 12. cxd4 Bg7 13. Nc3 Nf6 14. Rxf6 Qxf6 15. Nxd5 Qd6 16. Bc4 0-0 17. Nc7+ Kh8 18. Nxa8 Bd7 19. Be3 Rxa8 20. Qd2 b5 21. Bb3 a5 22. Rc1 a4 23. Bd1 Rd8 24. Bf3 Be8 25. b4 Bf7 26. d5 Qe5 27. Bb6 Re8 28. Bc5 a3 29. g3 h5 30. Qd3 Rd8 31. Rd1 Kh7 32. Bb6 Rb8 33. Bc5 Rd8 34. Bb6 Rb8 35. Bc5 Rd8 1/2-1/2

[Event "DEN-chT 9900"]
[Site "Denmark"]
[Date "1999.11.21"]
[Round "3.2"]
[White "Pedersen, Erik"]
[Black "Hoi, Carsten"]
[Result "1/2-1/2"]
[WhiteElo "2400"]
[BlackElo "2394"]
[PlyCount "48"]
[EventDate "1999.11.07"]
[EventType "team-tourn"]
[EventRounds "7"]
[EventCountry "DEN"]
[SourceTitle "EXT 2023"]
[Source "ChessBase"]
[SourceDate "2022.10.05"]
[SourceVersion "1"]
[SourceVersionDate "2022.10.05"]
[SourceQuality "1"]
[WhiteTeam "Aarhus"]
[BlackTeam "Bronshoj"]
[WhiteTeamCountry "DEN"]
[BlackTeamCountry "DEN"]

1. b4 e5 2. Bb2 d6 3. e3 g6 4. Nf3 Bg7 5. Be2 f5 6. d4 e4 7. Nfd2 Nh6 8. c4 0-0 9. Nc3 Kh8 10. 0-0 Nd7 11. c5 Nf6 12. cxd6 cxd6 13. Rc1 g5 14. d5 a6 15. a4 Qe7 16. Nc4 f4 17. Nb6 Rb8 18. Nxc8 Rbxc8 19. a5 Nf5 20. exf4 gxf4 21. Re1 e3 22. f3 Nh5 23. Bd3 Qh4 24. Bxf5 Qf2+ 1/2-1/2

[Event "DEN-chT 9900"]
[Site "Denmark"]
[Date "1999.11.20"]
[Round "2.2"]
[White "Borbjerggaard, Lars"]
[Black "Pedersen, Erik"]
[Result "0-1"]
[WhiteElo "2417"]
[BlackElo "2400"]
[PlyCount "118"]
[EventDate "1999.11.07"]
[EventType "team-tourn"]
[EventRounds "7"]
[EventCountry "DEN"]
[SourceTitle "EXT 2023"]
[Source "ChessBase"]
[SourceDate "2022.10.05"]
[SourceVersion "1"]
[SourceVersionDate "2022.10.05"]
[SourceQuality "1"]
[WhiteTeam "Sydostfyn"]
[BlackTeam "Aarhus"]
[WhiteTeamCountry "DEN"]
[BlackTeamCountry "DEN"]

1. d4 Nc6 2. Nf3 d5 3. c4 Bg4 4. cxd5 Bxf3 5. dxc6 Bxc6 6. Nc3 Nf6 7. f3 e5 8. dxe5 Qxd1+ 9. Nxd1 Nd7 10. f4 0-0-0 11. Nc3 f6 12. exf6 Nxf6 13. e3 Bc5 14. Be2 Rhe8 15. Kf2 Ne4+ 16. Nxe4 Rxe4 17. g3 Rxf4+ 18. gxf4 Bxh1 19. a3 Be7 20. b4 Bh4+ 21. Kf1 g6 22. Ra2 Be4 23. Bg4+ Bf5 24. Bxf5+ gxf5 25. Rd2 Rxd2 26. Bxd2 Kd7 27. Ke2 Kc6 28. Kd3 Kd5 29. Bc3 b5 30. Be5 c6 31. Bd4 a6 32. Bc3 Be7 33. Bd4 Bd8 34. Bc3 Bh4 35. Bd4 Be7 36. Bb6 Bd6 37. Bd4 Bc7 38. Bc3 Bd8 39. Bd4 a5 40. Bc3 axb4 41. axb4 Be7 42. Bd2 c5 43. bxc5 Bxc5 44. Bc3 Ba3 45. Bf6 Bc5 46. Bc3 Be7 47. Bd4 b4 48. Bg7 b3 49. e4+ fxe4+ 50. Kc3 Ke6 51. Kxb3 Kf5 52. Be5 Bc5 53. Kc2 Be3 54. Kd1 Bxf4 55. Bxf4 Kxf4 56. Ke2 h5 57. Kf2 h4 58. Ke2 e3 59. h3 Ke4 0-1

[Event "DEN-chT 9899"]
[Site "Denmark"]
[Date "1999.02.07"]
[Round "5.2"]
[White "Ochsner, Thomas"]
[Black "Pedersen, Erik"]
[Result "1/2-1/2"]
[WhiteElo "2355"]
[BlackElo "2400"]
[PlyCount "87"]
[EventDate "1998.11.01"]
[EventType "team-tourn"]
[EventRounds "7"]
[EventCountry "DEN"]
[SourceTitle "EXT 2023"]
[Source "ChessBase"]
[SourceDate "2022.10.05"]
[SourceVersion "1"]
[SourceVersionDate "2022.10.05"]
[SourceQuality "1"]
[WhiteTeam "Skolerne"]
[BlackTeam "Aarhus"]
[WhiteTeamCountry "DEN"]
[BlackTeamCountry "DEN"]

1. e4 c6 2. d4 d5 3. exd5 cxd5 4. c4 Nf6 5. Nc3 e6 6. Nf3 Bb4 7. cxd5 Nxd5 8. Qc2 Nc6 9. Bd3 Be7 10. a3 h6 11. 0-0 0-0 12. Rd1 Bf6 13. Bc4 Nxc3 14. bxc3 Ne7 15. Qe4 Qc7 16. Bd3 Ng6 17. Rb1 Qxc3 18. Be3 Rd8 19. Rdc1 Qxa3 20. Rc5 Be7 21. Bc1 Qa4 22. Rc4 Qd1+ 23. Bf1 f5 24. Qe3 Bf6 25. Ra1 b5 26. Rc7 Bxd4 27. Nxd4 Qxd4 28. Raxa7 Rxa7 29. Qxd4 Rxd4 30. Rxa7 Bd7 31. f4 Rd1 32. Be3 e5 33. g3 exf4 34. gxf4 Be6 35. Kf2 b4 36. Be2 Rh1 37. Kg2 Re1 38. Kf2 Rh1 39. Kg3 b3 40. Bd4 Bf7 41. Ra8+ Kh7 42. Ra7 Kg8 43. Ra8+ Kh7 44. Ra7 1/2-1/2

[Event "DEN-chT 9899"]
[Site "Denmark"]
[Date "1999.01.17"]
[Round "4.1"]
[White "Pedersen, Erik"]
[Black "Nielsen, Peter Heine"]
[Result "0-1"]
[WhiteElo "2400"]
[BlackElo "2515"]
[PlyCount "148"]
[EventDate "1998.11.01"]
[EventType "team-tourn"]
[EventRounds "7"]
[EventCountry "DEN"]
[SourceTitle "EXT 2023"]
[Source "ChessBase"]
[SourceDate "2022.10.05"]
[SourceVersion "1"]
[SourceVersionDate "2022.10.05"]
[SourceQuality "1"]
[WhiteTeam "Aarhus"]
[BlackTeam "Gistrup"]
[WhiteTeamCountry "DEN"]
[BlackTeamCountry "DEN"]

1. f4 g6 2. Nf3 Bg7 3. e4 c5 4. Bc4 e6 5. Nc3 Ne7 6. d3 0-0 7. 0-0 d5 8. Bb3 Nbc6 9. a3 a6 10. Qe1 b5 11. Kh1 c4 12. Ba2 Nd4 13. Nxd4 Bxd4 14. Bd2 Bg7 15. Rd1 Bb7 16. Qh4 Nc6 17. Qh3 b4 18. axb4 Nxb4 19. Bb1 cxd3 20. cxd3 a5 21. e5 Nc6 22. Na4 Ba6 23. Rc1 Nd4 24. Nc5 Bb5 25. Nb7 Qb6 26. Be3 Qxb7 27. Bxd4 Rfc8 28. Qe3 Bd7 29. Rxc8+ Rxc8 30. Rc1 Bf8 31. h3 a4 32. Kh2 a3 33. bxa3 Bxa3 34. Rxc8+ Qxc8 35. Qe1 Bc5 36. Bc3 Bb5 37. Bb4 Bd4 38. Bd6 Bc3 39. Qh4 Bd2 40. Qh6 Qd8 41. d4 Ba5 42. Bc5 Bb6 43. Bxb6 Qxb6 44. Qh4 Qxd4 45. Qd8+ Kg7 46. Qf6+ Kf8 47. Qh8+ Ke7 48. Qf6+ Ke8 49. Qh8+ Kd7 50. Qf6 Kc6 51. Qxf7 Kc5 52. Qa7+ Kc4 53. Ba2+ Kd3 54. Bb1+ Ke3 55. Qa3+ Ke2 56. Qa2+ Qd2 57. g4 Bd7 58. Kg3 d4 59. Kh4 Qxa2 60. Bxa2 h6 61. g5 h5 62. f5 exf5 63. Bf7 d3 64. Bxg6 d2 65. Bxh5+ Ke3 66. g6 Be6 67. g7 Kf4 68. Bd1 Bf7 69. Bh5 Bg8 70. Bd1 Ke3 71. Kg5 f4 72. Kg4 Be6+ 73. Kh4 f3 74. Kg3 f2 0-1

[Event "DEN-chT 9899"]
[Site "Denmark"]
[Date "1998.11.15"]
[Round "2.2"]
[White "Danielsen, Henrik"]
[Black "Pedersen, Erik"]
[Result "1-0"]
[WhiteElo "2510"]
[BlackElo "2400"]
[PlyCount "51"]
[EventDate "1998.11.01"]
[EventType "team-tourn"]
[EventRounds "7"]
[EventCountry "DEN"]
[SourceTitle "EXT 2023"]
[Source "ChessBase"]
[SourceDate "2022.10.05"]
[SourceVersion "1"]
[SourceVersionDate "2022.10.05"]
[SourceQuality "1"]
[WhiteTeam "Nykobing Falster"]
[BlackTeam "Aarhus"]
[WhiteTeamCountry "DEN"]
[BlackTeamCountry "DEN"]

1. f4 b5 2. e4 Bb7 3. d3 e6 4. Nf3 d6 5. g3 Nf6 6. Bg2 Be7 7. 0-0 0-0 8. h3 c5 9. g4 Nc6 10. Nc3 c4 11. Be3 b4 12. Ne2 d5 13. e5 Nd7 14. d4 f5 15. Kh1 c3 16. b3 a5 17. gxf5 Rxf5 18. Ng3 Rf8 19. Rg1 a4 20. Rc1 axb3 21. axb3 Ba6 22. Nh2 Bh4 23. Qg4 Qe7 24. Ngf1 Kh8 25. Nf3 Be2 26. N1h2 1-0

[Event "DEN-chT 9798"]
[Site "Denmark"]
[Date "1998.01.11"]
[Round "4.2"]
[White "Pedersen, Erik"]
[Black "Sorensen, Jan"]
[Result "0-1"]
[WhiteElo "2400"]
[BlackElo "2395"]
[PlyCount "86"]
[EventDate "1997.11.02"]
[EventType "team-tourn"]
[EventRounds "7"]
[EventCountry "DEN"]
[SourceTitle "EXT 2023"]
[Source "ChessBase"]
[SourceDate "2022.10.05"]
[SourceVersion "1"]
[SourceVersionDate "2022.10.05"]
[SourceQuality "1"]
[WhiteTeam "Aarhus"]
[BlackTeam "Skolerne"]
[WhiteTeamCountry "DEN"]
[BlackTeamCountry "DEN"]

1. f4 g6 2. Nf3 Bg7 3. e4 d5 4. e5 h5 5. d4 Nh6 6. Be3 Bg4 7. h3 Nf5 8. Bf2 Bxf3 9. Qxf3 h4 10. Qb3 Nc6 11. Qxb7 Ncxd4 12. Bd3 Ne6 13. Bxf5 gxf5 14. Qc6+ Kf8 15. Be3 Rh6 16. Qa4 d4 17. Bd2 Qd5 18. 0-0 Rg6 19. Rf2 Nc5 20. Qa5 Ra6 21. Qb5 Rb6 22. Qa5 Ra6 23. Qb5 Rb6 24. Qa5 Qc6 25. Na3 Ne4 26. Rf3 Ra6 27. Qb4 Ra4 28. Qb5 Qxb5 29. Nxb5 Nxd2 30. Rd3 Ne4 31. Nxd4 e6 32. b3 Ra6 33. Nb5 Rc6 34. c4 Bh6 35. Rf1 Ke7 36. Rfd1 Nc5 37. Rd4 a6 38. Nc3 Rb6 39. Ne2 Rbb8 40. Kf2 Rd8 41. b4 Ne4+ 42. Kf3 Ke8 43. c5 f6 0-1